| 000 | 00733nam a22001937a 4500 | ||
|---|---|---|---|
| 999 |
_c19488 _d19488 |
||
| 003 | AR-CdUCM | ||
| 008 | 190517b ||||| |||| 00| 0 spa d | ||
| 040 |
_aMUNICIPALIDAD PROVINCIAL DEL CUSCO _cBIBLIOTECA MUNICIPAL DEL CUSCO |
||
| 082 |
_a342.712 / _bR78 |
||
| 100 |
_aRolfe, Sidney E. _940847 |
||
| 245 |
_aSistema monetario internacional : _bdesarrollo y perspectivas / |
||
| 260 |
_aBuenos Aires : _bTroquel, _c1976. |
||
| 300 |
_a303 páginas ; _c24 cm. |
||
| 505 | _aContenido: Antes de la segunda guerra mundial -- Ascenso y caída del sistema de Bretton Woods -- Mantenerse a flote. | ||
| 650 |
_aFinanzas internacionales _935421 |
||
| 700 |
_aBurtle, James L. _940848 |
||
| 942 |
_2ddc _cLIBROS |
||
| 945 |
_aacv _d2019-05-17 |
||